000 00706nam a22002297a 4500
005 20170124110254.0
010 _aB-063364
020 _c00.00
_a8170300509
035 _aB-063364
037 _bCen Lib/Ret
040 _aDPL
_bEN
082 _a230.23
_bMAN
245 _aThe mantra mahodadhi of mahidhara /
_bEnglish translation by a Board of Scholars
250 _a3rd rev. ed.
260 _aDelhi
_bIndian Books Centre
_c2002
270 _bDelhi
_a40/5, Shakti Nagar
_e110007
300 _avarious pagings
_c20cm(pbk)
490 _aSri Garib Das Oriental Series
_v12
650 _aTantrism -- Liturgy.
_9104364
650 _aMantras.
_9104365
942 _2ddc
_cEN
_h230.23
_mMAN
999 _c136074
_d136074